[Event "Liga Madrileña - DH 2011-2012"]
[Site "Madrid ESP"]
[Date "2012.01.15"]
[Round "6.46"]
[White "Suarez Triguero, Jose Alfonso"]
[Black "Sanchez Gonzalez, Sergio"]
[Result "1/2-1/2"]
[WhiteElo "2083"]
[BlackElo "2286"]
[PlyCount "98"]
[EventDate "2011.11.13"]
[EventType "team"]
[EventRounds "14"]
[EventCountry "ESP"]
[Source "lmi"]
[SourceDate "2011.11.13"]
[WhiteTeam "Virgen de Atocha"]
[BlackTeam "Amigos del Retiro"]
[WhiteTeamCountry "ESP"]
[BlackTeamCountry "ESP"]

1. e4 c5 2. c4 e6 3. Nc3 b6 4. Nf3 Bb7 5. Bd3 d6 6. Bc2 Nf6 7. O-O Be7 8. d4
cxd4 9. Nxd4 Nbd7 10. Qe2 a6 11. Ba4 Rc8 12. Rd1 O-O 13. Bxd7 Nxd7 14. Be3 Qc7
15. Rac1 Rfe8 16. b3 Qb8 17. Nf3 Bc6 18. Nd4 Ba8 19. Nf3 Ne5 20. Nxe5 dxe5 21.
Na4 Ba3 22. Nxb6 Bxc1 23. Rxc1 Rcd8 24. Nxa8 Qxa8 25. Bb6 Rd7 26. c5 Rc8 27. f3
Rd4 28. a4 a5 29. Qb5 Rb4 30. Qxa5 Qxa5 31. Bxa5 Rxb3 32. c6 Kf8 33. c7 Rb7 34.
Rd1 Ke7 35. Rd8 Rbxc7 36. Bxc7 Rxc7 37. Rd1 Ra7 38. Ra1 Kd6 39. Kf2 Kc5 40. h4
f5 41. Rc1+ Kd4 42. Rd1+ Kc3 43. Rd6 fxe4 44. fxe4 Rxa4 45. Ke3 Ra3 46. Rc6+
Kb4+ 47. Kf2 Ra2+ 48. Kf3 Ra3+ 49. Kf2 Ra2+ 1/2-1/2

[Event "Liga Madrileña - DH 2011-2012"]
[Site "Madrid ESP"]
[Date "2012.01.22"]
[Round "7.11"]
[White "Anton Guijarro, David"]
[Black "Candela Perez, Jose"]
[Result "1-0"]
[WhiteElo "2469"]
[BlackElo "2424"]
[PlyCount "81"]
[EventDate "2011.11.13"]
[EventType "team"]
[EventRounds "14"]
[EventCountry "ESP"]
[Source "lmi"]
[SourceDate "2011.11.13"]
[WhiteTeam "Virgen de Atocha"]
[BlackTeam "La Casa del Ajedrez"]
[WhiteTeamCountry "ESP"]
[BlackTeamCountry "ESP"]

1. d4 d5 2. c4 c6 3. Nf3 Nf6 4. e3 Bf5 5. Nc3 e6 6. Nh4 Bg6 7. Nxg6 hxg6 8. g3
Nbd7 9. Bg2 dxc4 10. Qe2 Nb6 11. O-O Bb4 12. a3 Be7 13. Rd1 O-O 14. e4 Re8 15.
h4 Qc8 16. Be3 Nfd7 17. a4 a5 18. h5 gxh5 19. Qxh5 g6 20. Qh3 e5 21. f4 exf4
22. gxf4 Nf6 23. d5 cxd5 24. Qxc8 Nxc8 25. e5 Bb4 26. Nxd5 Nxd5 27. Bxd5 Ne7
28. Bxc4 Red8 29. Kf2 Rxd1 30. Rxd1 Rc8 31. b3 Nf5 32. Ba7 Rc7 33. Kf3 Kg7 34.
Bb6 Rc6 35. Bd8 Ne7 36. Rd7 Kf8 37. Rxb7 Rc8 38. Bxe7+ Bxe7 39. Ra7 Rc5 40. Ke4
f6 41. exf6 1-0

[Event "Liga Madrileña - DH 2011-2012"]
[Site "Madrid ESP"]
[Date "2012.01.22"]
[Round "7.13"]
[White "Martinez Martin, David"]
[Black "Rojo Huerta, Gabriel"]
[Result "1/2-1/2"]
[WhiteElo "2395"]
[BlackElo "2355"]
[PlyCount "115"]
[EventDate "2011.11.13"]
[EventType "team"]
[EventRounds "14"]
[EventCountry "ESP"]
[Source "lmi"]
[SourceDate "2011.11.13"]
[WhiteTeam "Virgen de Atocha"]
[BlackTeam "La Casa del Ajedrez"]
[WhiteTeamCountry "ESP"]
[BlackTeamCountry "ESP"]

1. Nf3 Nf6 2. c4 c5 3. Nc3 Nc6 4. g3 d5 5. cxd5 Nxd5 6. Bg2 Nc7 7. O-O e5 8. a3
Be7 9. b4 f6 10. bxc5 Bxc5 11. Bb2 O-O 12. Rc1 Be7 13. e3 Kh8 14. d4 exd4 15.
Nxd4 Nxd4 16. exd4 Rb8 17. Re1 Bd6 18. d5 Bf5 19. Ne4 Re8 20. Nxd6 Qxd6 21.
Rxe8+ Rxe8 22. Qa4 a6 23. Qa5 Rc8 24. a4 b6 25. Qd2 Bd7 26. Qe3 b5 27. a5 h6
28. h4 b4 29. Rc4 Re8 30. Qb6 Nb5 31. Qxd6 Nxd6 32. Rxb4 Bb5 33. Bd4 Re1+ 34.
Kh2 Rd1 35. Bb6 Kg8 36. Bc7 Nc4 37. Bh3 Kf8 38. Be6 Rd2 39. Bb6 Ke8 40. Rb1 Ne5
41. g4 Bd7 42. Be3 Rc2 43. Rb8+ Ke7 44. Rb7 Ke8 45. Bxd7+ Nxd7 46. Ra7 Ne5 47.
Rxg7 Ra2 48. Bb6 Rd2 49. Ra7 Nxg4+ 50. Kg3 Ne5 51. Rxa6 Rxd5 52. Be3 Kf7 53.
Bxh6 Nc4 54. Be3 Nxa5 55. Kg4 Nc4 56. h5 Nxe3+ 57. fxe3 Rg5+ 58. Kf4 1/2-1/2

[Event "Liga Madrileña - DH 2011-2012"]
[Site "Madrid ESP"]
[Date "2012.01.22"]
[Round "7.12"]
[White "Elguezabal Varela, Daniel"]
[Black "Rabadan Velasco, Raul"]
[Result "1-0"]
[WhiteElo "2352"]
[BlackElo "2353"]
[PlyCount "99"]
[EventDate "2011.11.13"]
[EventType "team"]
[EventRounds "14"]
[EventCountry "ESP"]
[Source "lmi"]
[SourceDate "2011.11.13"]
[WhiteTeam "La Casa del Ajedrez"]
[BlackTeam "Virgen de Atocha"]
[WhiteTeamCountry "ESP"]
[BlackTeamCountry "ESP"]

1. d4 f5 2. Nf3 Nf6 3. g3 g6 4. Bg2 Bg7 5. O-O O-O 6. b3 a5 7. Bb2 a4 8. c4
axb3 9. axb3 Rxa1 10. Bxa1 c6 11. Nbd2 d5 12. Qc2 Ne4 13. Bb2 Na6 14. cxd5 cxd5
15. Ba3 Bd7 16. Rc1 Qa5 17. Qb2 Bb5 18. Ra1 Nb4 19. Nc4 dxc4 20. bxc4 Bxc4 21.
Bxb4 Qb6 22. e3 Rc8 23. Nd2 Nxd2 24. Qxd2 Bf6 25. Rc1 Be6 26. Bc5 Qa6 27. Rb1
b5 28. Qb4 Bc4 29. Bxe7 g5 30. Rc1 Re8 31. Bxf6 Qxf6 32. Qc5 Rd8 33. Rd1 f4 34.
e4 Rf8 35. e5 Qe6 36. Qc6 Qg4 37. Bf3 Qf5 38. g4 Qc2 39. e6 Qg6 40. e7 Re8 41.
Re1 Kf7 42. Bd5+ Bxd5 43. Qxd5+ Kg7 44. Qxb5 Kf7 45. Qd5+ Kg7 46. Qe5+ Kf7 47.
d5 Qd3 48. d6 Qf3 49. Qe6+ Kg7 50. d7 1-0

[Event "Liga Madrileña - DH 2011-2012"]
[Site "Madrid ESP"]
[Date "2012.01.22"]
[Round "7.15"]
[White "Vazquez Torres, Adrian"]
[Black "Suarez Uriel, Adrian"]
[Result "0-1"]
[WhiteElo "2145"]
[BlackElo "2238"]
[PlyCount "70"]
[EventDate "2011.11.13"]
[EventType "team"]
[EventRounds "14"]
[EventCountry "ESP"]
[Source "lmi"]
[SourceDate "2011.11.13"]
[WhiteTeam "Virgen de Atocha"]
[BlackTeam "La Casa del Ajedrez"]
[WhiteTeamCountry "ESP"]
[BlackTeamCountry "ESP"]

1. e4 c5 2. Nf3 g6 3. d4 cxd4 4. Nxd4 Nc6 5. c4 Nf6 6. Nc3 d6 7. Be2 Nxd4 8.
Qxd4 Bg7 9. Be3 O-O 10. Qd1 Qa5 11. O-O Be6 12. Rc1 Rfc8 13. b3 a6 14. Bd4 b5
15. cxb5 axb5 16. b4 Qxb4 17. Rb1 Qa5 18. Rxb5 Qd8 19. Na4 Rcb8 20. Bb6 Qc8 21.
e5 dxe5 22. Rc5 Qe8 23. Bc7 Rb4 24. Nc3 e4 25. Ba5 Rbb8 26. Bb5 Rxb5 27. Rxb5
Bc4 28. Rc5 Qb8 29. Bc7 Qb4 30. Rc6 e3 31. f3 Ne8 32. Ne2 Qd2 33. Qe1 Qd7 34.
Qc1 Rxa2 35. Bf4 Ra1 0-1

[Event "Liga Madrileña - DH 2011-2012"]
[Site "Madrid ESP"]
[Date "2012.01.22"]
[Round "7.16"]
[White "Collado Barbas, Laura"]
[Black "Perez de Aranda Alonso, Leonardo"]
[Result "0-1"]
[WhiteElo "2078"]
[BlackElo "2117"]
[PlyCount "72"]
[EventDate "2011.11.13"]
[EventType "team"]
[EventRounds "14"]
[EventCountry "ESP"]
[Source "lmi"]
[SourceDate "2011.11.13"]
[WhiteTeam "La Casa del Ajedrez"]
[BlackTeam "Virgen de Atocha"]
[WhiteTeamCountry "ESP"]
[BlackTeamCountry "ESP"]

1. d4 d5 2. c4 dxc4 3. Nf3 Nf6 4. e3 Bg4 5. Bxc4 e6 6. Nbd2 Nbd7 7. O-O c5 8.
Be2 cxd4 9. Nxd4 Bxe2 10. Qxe2 Bc5 11. N2f3 O-O 12. Rd1 Qe7 13. b3 Nd5 14. Bb2
N7f6 15. Rac1 Rac8 16. Ne5 Ba3 17. Bxa3 Qxa3 18. Nc4 Qa6 19. a4 Ne4 20. Qb2 b6
21. f3 Nc5 22. Qe2 e5 23. Nb5 Nxb3 24. Rb1 Qxa4 25. Nb2 Qa2 26. Qe1 Rfd8 27. e4
Nf4 28. Rxd8+ Rxd8 29. Nc3 Qa5 30. Kh1 Nd2 31. Rc1 Qa3 32. Rc2 Nb3 33. Nc4 Qc5
34. Ne3 Nd4 35. Ra2 Nd3 36. Qd2 Nb3 0-1

[Event "Liga Madrileña - DH 2011-2012"]
[Site "Madrid ESP"]
[Date "2012.01.22"]
[Round "7.21"]
[White "Alarcia Astiz, Carlos"]
[Black "Valles Moreno, Ivan"]
[Result "1-0"]
[WhiteElo "2313"]
[BlackElo "2391"]
[PlyCount "89"]
[EventDate "2011.11.13"]
[EventType "team"]
[EventRounds "14"]
[EventCountry "ESP"]
[Source "lmi"]
[SourceDate "2011.11.13"]
[WhiteTeam "Blanco y Negro"]
[BlackTeam "Amigos del Retiro"]
[WhiteTeamCountry "ESP"]
[BlackTeamCountry "ESP"]

1. e4 c5 2. Nf3 d6 3. d4 cxd4 4. Nxd4 Nf6 5. Nc3 Nc6 6. Be2 e6 7. O-O Be7 8.
Kh1 O-O 9. f4 Bd7 10. f5 e5 11. Ndb5 a6 12. Nxd6 b5 13. a4 Nd4 14. axb5 Bxd6
15. bxa6 Bc6 16. Bd3 Ra7 17. Bg5 h6 18. Bxf6 Qxf6 19. Qg4 Rb8 20. b3 Ba8 21.
Ra2 Rc8 22. Bc4 Bb4 23. Nd5 Bxd5 24. exd5 e4 25. Qxe4 Re7 26. Qd3 Ne2 27. a7
Ra8 28. d6 Bxd6 29. Ra6 Nd4 30. c3 Qe5 31. g3 Raxa7 32. cxd4 Qf6 33. Rfa1 Rad7
34. Rc6 Re8 35. Raa6 h5 36. Bb5 Red8 37. Rc1 h4 38. Bxd7 Rxd7 39. Rc8+ Kh7 40.
Raa8 g6 41. fxg6+ fxg6 42. Rh8+ Kg7 43. Rag8+ Kf7 44. Qc4+ Qe6 45. Rh7+ 1-0

[Event "Liga Madrileña - DH 2011-2012"]
[Site "Madrid ESP"]
[Date "2012.01.22"]
[Round "7.22"]
[White "Fernandez Garcia, Miguel Angel"]
[Black "Alcazar Jimenez, Jesus Alberto"]
[Result "1-0"]
[WhiteElo "2318"]
[BlackElo "2252"]
[PlyCount "85"]
[EventDate "2011.11.13"]
[EventType "team"]
[EventRounds "14"]
[EventCountry "ESP"]
[Source "lmi"]
[SourceDate "2011.11.13"]
[WhiteTeam "Amigos del Retiro"]
[BlackTeam "Blanco y Negro"]
[WhiteTeamCountry "ESP"]
[BlackTeamCountry "ESP"]

1. d4 d5 2. c4 e5 3. dxe5 d4 4. a3 Nc6 5. Nf3 Nge7 6. Nbd2 Ng6 7. Nb3 Ngxe5 8.
Nxe5 Nxe5 9. Qxd4 Qxd4 10. Nxd4 Nxc4 11. e4 Nd6 12. e5 Nf5 13. Nb5 Kd8 14. Bg5+
Be7 15. Rd1+ Bd7 16. Bxe7+ Nxe7 17. Bc4 Kc8 18. O-O Rf8 19. Nd4 c5 20. e6 cxd4
21. exd7+ Kxd7 22. Rxd4+ Kc7 23. Rfd1 Kb6 24. Rd7 Rac8 25. Rxe7 Rxc4 26. g3
Rfc8 27. Rdd7 R8c7 28. Rxf7 Rc1+ 29. Kg2 Rxd7 30. Rxd7 Rc2 31. Rxg7 Rxb2 32.
Rxh7 a5 33. g4 Kc5 34. Rh5+ Kb6 35. Re5 Rb3 36. g5 Rxa3 37. h4 Rd3 38. h5 a4
39. h6 Rd7 40. g6 Rd6 41. g7 Rg6+ 42. Kf1 a3 43. Re2 1-0

[Event "Liga Madrileña - DH 2011-2012"]
[Site "Madrid ESP"]
[Date "2012.01.22"]
[Round "7.23"]
[White "Rivas Vila, David"]
[Black "Perez Gonzalez, Jose Manuel"]
[Result "0-1"]
[WhiteElo "2216"]
[BlackElo "2304"]
[PlyCount "80"]
[EventDate "2011.11.13"]
[EventType "team"]
[EventRounds "14"]
[EventCountry "ESP"]
[Source "lmi"]
[SourceDate "2011.11.13"]
[WhiteTeam "Blanco y Negro"]
[BlackTeam "Amigos del Retiro"]
[WhiteTeamCountry "ESP"]
[BlackTeamCountry "ESP"]

1. g3 g6 2. Bg2 Bg7 3. f4 Nf6 4. Nf3 O-O 5. O-O c5 6. d3 Nc6 7. c3 Rb8 8. e4 d6
9. Nbd2 b5 10. h3 b4 11. c4 Nd7 12. g4 a5 13. Kh1 Bb7 14. Rb1 Ra8 15. a4 e6 16.
b3 Nd4 17. Nxd4 cxd4 18. Qe2 Nc5 19. f5 Qe7 20. Rf2 Rae8 21. Qf1 exf5 22. gxf5
gxf5 23. Rxf5 Bc8 24. Rh5 f5 25. exf5 Qe1 26. Ne4 Qxf1+ 27. Bxf1 Bb7 28. Kg1
Nxe4 29. dxe4 Bxe4 30. Rb2 d3 31. Rg2 Bxg2 32. Kxg2 Re1 33. Bf4 Be5 34. Bh6 Re8
35. c5 Rxf1 36. Kxf1 dxc5 37. f6 Kf7 38. Be3 Bxf6 39. Rxh7+ Kg6 40. Rh6+ Kg7
0-1

[Event "Liga Madrileña - DH 2011-2012"]
[Site "Madrid ESP"]
[Date "2012.01.22"]
[Round "7.24"]
[White "Sanchez Gonzalez, Sergio"]
[Black "Mena Borras, Mario"]
[Result "1-0"]
[WhiteElo "2286"]
[BlackElo "2105"]
[PlyCount "101"]
[EventDate "2011.11.13"]
[EventType "team"]
[EventRounds "14"]
[EventCountry "ESP"]
[Source "lmi"]
[SourceDate "2011.11.13"]
[WhiteTeam "Amigos del Retiro"]
[BlackTeam "Blanco y Negro"]
[WhiteTeamCountry "ESP"]
[BlackTeamCountry "ESP"]

1. c4 e5 2. Nc3 f5 3. e3 Nf6 4. d4 e4 5. Nh3 Bb4 6. Bd2 Nc6 7. Nf4 Bxc3 8. Bxc3
d6 9. b4 Ne7 10. d5 Ng6 11. Nxg6 hxg6 12. Qd4 Qe7 13. Be2 Rh7 14. f3 exf3 15.
gxf3 g5 16. O-O-O Rh4 17. Qd3 Bd7 18. Rdg1 Rh5 19. e4 fxe4 20. fxe4 Rh3 21. Rg3
Rxg3 22. hxg3 O-O-O 23. Bf3 b6 24. Re1 g4 25. Bg2 Re8 26. c5 Kb8 27. e5 dxe5
28. Bxe5 Qf7 29. cxb6 axb6 30. Qa6 Nxd5 31. Bxd5 Qxd5 32. Qxb6+ Ka8 33. Qa5+
Qxa5 34. bxa5 c6 35. Kd2 Kb7 36. Rb1+ Ka6 37. Bc3 g6 38. Rb6+ Ka7 39. Bd4 Ka8
40. Kc3 Re1 41. a6 Re2 42. a7 Re8 43. Rb2 Be6 44. Kb4 Rd8 45. Bc5 Rd5 46. Re2
Bd7 47. Re7 Kb7 48. a4 Rd1 49. Rg7 Rb1+ 50. Ka5 Rd1 51. Rg8 1-0

[Event "Liga Madrileña - DH 2011-2012"]
[Site "Madrid ESP"]
[Date "2012.01.22"]
[Round "7.25"]
[White "Aguado Solana, Juan"]
[Black "Vallejo Diaz, Jesus"]
[Result "0-1"]
[WhiteElo "2050"]
[BlackElo "2258"]
[PlyCount "58"]
[EventDate "2011.11.13"]
[EventType "team"]
[EventRounds "14"]
[EventCountry "ESP"]
[Source "lmi"]
[SourceDate "2011.11.13"]
[WhiteTeam "Blanco y Negro"]
[BlackTeam "Amigos del Retiro"]
[WhiteTeamCountry "ESP"]
[BlackTeamCountry "ESP"]

1. e4 c5 2. d4 cxd4 3. c3 Nf6 4. e5 Nd5 5. cxd4 e6 6. Nf3 d6 7. Bd3 Nc6 8. a3
Qc7 9. Qe2 Nxd4 10. Nxd4 Qxc1+ 11. Qd1 Qxd1+ 12. Kxd1 dxe5 13. Nb5 a6 14. N5c3
Bd7 15. Re1 f6 16. Ne4 Be7 17. Nbd2 O-O 18. f3 Rfd8 19. g3 f5 20. Nf2 Bf6 21.
Nc4 Bb5 22. Ke2 Ne7 23. Rac1 Rac8 24. b3 Nc6 25. Nb6 Nd4+ 26. Ke3 Rxc1 27. Rxc1
Bxd3 28. Nxd3 Nxf3 29. Rc7 e4 0-1

[Event "Liga Madrileña - DH 2011-2012"]
[Site "Madrid ESP"]
[Date "2012.01.22"]
[Round "7.26"]
[White "Paredes Sanchez, Juan"]
[Black "Barroso Barroso, Jorge"]
[Result "1-0"]
[WhiteElo "2206"]
[BlackElo "1740"]
[PlyCount "61"]
[EventDate "2011.11.13"]
[EventType "team"]
[EventRounds "14"]
[EventCountry "ESP"]
[Source "lmi"]
[SourceDate "2011.11.13"]
[WhiteTeam "Amigos del Retiro"]
[BlackTeam "Blanco y Negro"]
[WhiteTeamCountry "ESP"]
[BlackTeamCountry "ESP"]

1. e4 e6 2. d4 d5 3. Nc3 dxe4 4. Nxe4 Nf6 5. Nxf6+ Qxf6 6. Nf3 h6 7. Bd3 Bd7 8.
O-O Nc6 9. c3 O-O-O 10. b4 g5 11. b5 Ne7 12. Qa4 Kb8 13. Ne5 Nc8 14. f4 Nb6 15.
Qb3 g4 16. a4 Bd6 17. a5 Nc8 18. Nc6+ Ka8 19. Be4 Ne7 20. Nxe7 Qxe7 21. a6 f5
22. axb7+ Kb8 23. Bc6 Bc5 24. dxc5 Qxc5+ 25. Kh1 Bxc6 26. bxc6 Rd3 27. Qa4 Rhd8
28. Ba3 Qe3 29. Rfe1 Qf2 30. Re2 Qxe2 31. Qxa7+ 1-0

[Event "Liga Madrileña - DH 2011-2012"]
[Site "Madrid ESP"]
[Date "2012.01.22"]
[Round "7.31"]
[White "Hernandez Gallardo, Francisco Javier"]
[Black "Vazquez Igarza, Renier"]
[Result "1/2-1/2"]
[WhiteElo "2369"]
[BlackElo "2566"]
[PlyCount "124"]
[EventDate "2011.11.13"]
[EventType "team"]
[EventRounds "14"]
[EventCountry "ESP"]
[Source "lmi"]
[SourceDate "2011.11.13"]
[WhiteTeam "Moratalaz"]
[BlackTeam "Collado Villalba"]
[WhiteTeamCountry "ESP"]
[BlackTeamCountry "ESP"]

1. e4 e5 2. Nf3 Nc6 3. Bb5 a6 4. Ba4 Nf6 5. O-O b5 6. Bb3 Bc5 7. c3 d6 8. d4
Bb6 9. dxe5 Nxe5 10. Nxe5 dxe5 11. Qxd8+ Kxd8 12. Bg5 Ke7 13. Bd5 Rb8 14. Nd2
h6 15. Bxf6+ Kxf6 16. a4 Bd7 17. axb5 axb5 18. Rfd1 Rhd8 19. Nf3 Be8 20. b4 Rd6
21. Kf1 Rbd8 22. Ke2 Bd7 23. Rd2 c6 24. Bb3 Rxd2+ 25. Nxd2 Bc8 26. f3 Ke7 27.
Ra8 g6 28. Nf1 f5 29. exf5 gxf5 30. Ne3 h5 31. Bc2 Kf6 32. g3 Be6 33. Ra6 Rb8
34. h3 Bc8 35. Ra1 Be6 36. Ra6 Bd7 37. g4 hxg4 38. hxg4 fxg4 39. Nxg4+ Ke6 40.
Bb3+ Kd6 41. Nf6 Bf5 42. Ne4+ Kc7 43. Ng3 Bd7 44. Ra1 c5 45. bxc5 Bxc5 46. Ne4
Be7 47. Ra7+ Rb7 48. Rxb7+ Kxb7 49. Bd5+ Kb6 50. Ke3 Bf8 51. Nf6 Bf5 52. Be4
Bc8 53. Bd3 Bg7 54. Ne8 Bh6+ 55. Ke2 Bd7 56. Nf6 Be6 57. Ne4 Bf4 58. Nd6 Bd7
59. Bf5 Bc6 60. Be4 Bd7 61. Bf5 e4 62. Bxd7 Bxd6 1/2-1/2

[Event "Liga Madrileña - DH 2011-2012"]
[Site "Madrid ESP"]
[Date "2012.01.22"]
[Round "7.32"]
[White "Moreno Ruiz, Javier"]
[Black "Serrano Salvador, Eduardo"]
[Result "1-0"]
[WhiteElo "2513"]
[BlackElo "2364"]
[PlyCount "69"]
[EventDate "2011.11.13"]
[EventType "team"]
[EventRounds "14"]
[EventCountry "ESP"]
[Source "lmi"]
[SourceDate "2011.11.13"]
[WhiteTeam "Collado Villalba"]
[BlackTeam "Moratalaz"]
[WhiteTeamCountry "ESP"]
[BlackTeamCountry "ESP"]

1. d4 d5 2. c4 c6 3. Nf3 Nf6 4. Qb3 dxc4 5. Qxc4 Bf5 6. g3 e6 7. Bg2 Be7 8. O-O
O-O 9. Rd1 Nbd7 10. e3 h6 11. Nc3 Bc2 12. Re1 Nb6 13. Qe2 Bh7 14. e4 Bb4 15.
Qc2 Rc8 16. Bf4 Nbd5 17. Be5 Qa5 18. Rac1 c5 19. Nd2 cxd4 20. Nb3 Qd8 21. Bxd4
a5 22. Qe2 Nxc3 23. bxc3 a4 24. cxb4 Rxc1 25. Rxc1 axb3 26. Bc5 Re8 27. axb3 b6
28. Rd1 Qc7 29. Bd4 e5 30. Bb2 Qb7 31. f3 b5 32. Bf1 Qa7+ 33. Qf2 Qa2 34. Bxb5
Qxb3 35. Rd3 1-0

[Event "Liga Madrileña - DH 2011-2012"]
[Site "Madrid ESP"]
[Date "2012.01.22"]
[Round "7.33"]
[White "Sanchez-Alarcos Galian, Victor"]
[Black "Taboas Rodriguez, Daniel"]
[Result "0-1"]
[WhiteElo "2242"]
[BlackElo "2418"]
[PlyCount "182"]
[EventDate "2011.11.13"]
[EventType "team"]
[EventRounds "14"]
[EventCountry "ESP"]
[Source "lmi"]
[SourceDate "2011.11.13"]
[WhiteTeam "Moratalaz"]
[BlackTeam "Collado Villalba"]
[WhiteTeamCountry "ESP"]
[BlackTeamCountry "ESP"]

1. c4 Nf6 2. g3 g6 3. Bg2 Bg7 4. Nc3 O-O 5. d4 d6 6. Nf3 c6 7. O-O Qa5 8. e4
Qh5 9. Ng5 Qxd1 10. Rxd1 e5 11. Nf3 Bg4 12. Be3 Na6 13. h3 Be6 14. b3 Rfe8 15.
Rac1 Nh5 16. d5 cxd5 17. Nxd5 Bxd5 18. Rxd5 Nf6 19. Rxd6 Nxe4 20. Rdd1 Nb4 21.
Ne1 f5 22. Nd3 Nxa2 23. Ra1 Nac3 24. Re1 a6 25. Rac1 Rac8 26. Kh2 Red8 27. Bf1
Na2 28. Ra1 Nec3 29. Bb6 e4 30. Bxd8 Rxd8 31. Nb2 Rd2 32. Nd1 Bd4 33. Kh1 Bxf2
34. Nxf2 Rxf2 35. c5 Kf8 36. Bc4 Ke7 37. Rf1 Rxf1+ 38. Rxf1 Kf6 39. Kg2 Ke5 40.
Bg8 h6 41. Bh7 Kf6 42. Bg8 Nb4 43. Bc4 Ke5 44. Rc1 Kd4 45. Rf1 Nc2 46. Kf2 g5
47. c6 bxc6 48. Bxa6 f4 49. gxf4 gxf4 50. Rc1 Ne3 51. Rg1 Ned1+ 52. Ke1 f3 53.
Rg6 c5 54. Rd6+ Ke3 55. Rxh6 f2+ 56. Kf1 Kf3 57. Rf6+ Kg3 58. Rg6+ Kxh3 59.
Rh6+ Kg3 60. Rg6+ Kf3 61. Rf6+ Ke3 62. Rc6 Kd4 63. Rc8 Nd5 64. Rd8 Ke5 65. Ke2
N5c3+ 66. Kf1 e3 67. Rc8 Ne4 68. Re8+ Kf4 69. Rf8+ Kg5 70. Rg8+ Kf6 71. Re8
Ndc3 72. Bd3 Kf5 73. Ba6 Kf4 74. Rf8+ Ke5 75. Re8+ Kd4 76. Rd8+ Nd5 77. Rd7
Nd2+ 78. Kg2 Ke5 79. Rf7 Nf4+ 80. Kg3 f1=Q 81. Bxf1 Nxf1+ 82. Kf3 Nd5 83. Rf8
Nd2+ 84. Ke2 Nxb3 85. Kd3 Nd2 86. Re8+ Kd6 87. Rd8+ Ke6 88. Re8+ Kd7 89. Re5
Kd6 90. Re8 Nf3 91. Ke4 Nf6+ 0-1

[Event "Liga Madrileña - DH 2011-2012"]
[Site "Madrid ESP"]
[Date "2012.01.22"]
[Round "7.34"]
[White "Cao Armillas, Jesus"]
[Black "Solaesa Navalpotro, Luis Julio"]
[Result "1/2-1/2"]
[WhiteElo "2174"]
[BlackElo "2270"]
[PlyCount "77"]
[EventDate "2011.11.13"]
[EventType "team"]
[EventRounds "14"]
[EventCountry "ESP"]
[Source "lmi"]
[SourceDate "2011.11.13"]
[WhiteTeam "Collado Villalba"]
[BlackTeam "Moratalaz"]
[WhiteTeamCountry "ESP"]
[BlackTeamCountry "ESP"]

1. d4 Nf6 2. c4 d6 3. Nf3 Nbd7 4. Nc3 c6 5. e4 e5 6. h3 Be7 7. Be3 O-O 8. Be2
a6 9. Qc2 b5 10. Rd1 b4 11. Na4 Qa5 12. b3 Bb7 13. dxe5 Nxe5 14. c5 Nxf3+ 15.
Bxf3 d5 16. e5 Nd7 17. Bd4 Qc7 18. Qb2 Rae8 19. O-O Bg5 20. Bg4 Bf4 21. e6 fxe6
22. Bxg7 Be5 23. Bxe5 Nxe5 24. Rd4 a5 25. Re1 Qg7 26. Re3 Kh8 27. Rg3 Ng6 28.
Bh5 e5 29. Rdg4 Rf6 30. Nb6 Ref8 31. Bxg6 Rxg6 32. Qe2 e4 33. Rxg6 hxg6 34. Qg4
Kh7 35. Qh4+ Qh6 36. Qe7+ Qg7 37. Qh4+ Qh6 38. Qe7+ Qg7 39. Qh4+ 1/2-1/2

[Event "Liga Madrileña - DH 2011-2012"]
[Site "Madrid ESP"]
[Date "2012.01.22"]
[Round "7.35"]
[White "Rodriguez Yuste, Marcelo"]
[Black "Bote Alvarez-Carrasco, Valentin"]
[Result "1-0"]
[WhiteElo "2234"]
[BlackElo "2160"]
[PlyCount "87"]
[EventDate "2011.11.13"]
[EventType "team"]
[EventRounds "14"]
[EventCountry "ESP"]
[Source "lmi"]
[SourceDate "2011.11.13"]
[WhiteTeam "Moratalaz"]
[BlackTeam "Collado Villalba"]
[WhiteTeamCountry "ESP"]
[BlackTeamCountry "ESP"]

1. c4 c6 2. e4 e5 3. Nc3 Bb4 4. Qb3 Qa5 5. Nge2 Nf6 6. g3 d6 7. Bg2 Nbd7 8. O-O
O-O 9. d3 a6 10. Bd2 b5 11. a3 Bc5 12. Qc2 Qc7 13. h3 Ba7 14. Rac1 bxc4 15.
dxc4 Nc5 16. Kh2 a5 17. b4 axb4 18. axb4 Ne6 19. f4 Re8 20. fxe5 dxe5 21. c5
Ba6 22. Be3 Rab8 23. Qa4 Bd3 24. Rfd1 Red8 25. Ra1 Rb7 26. Ra2 Bb8 27. Rad2 Bc4
28. Rxd8+ Nxd8 29. g4 Ra7 30. Qc2 Rb7 31. Qa4 Ra7 32. Qc2 Rb7 33. Na4 Rxb4 34.
Qd2 Ne6 35. Qxb4 Bxe2 36. Rb1 Ba7 37. Nb6 Bxg4 38. Qd2 Bh5 39. Qd6 Qb7 40. Qd3
Qc7 41. Qd6 Qb7 42. Rb2 Bb8 43. Qd3 Qc8 44. Nxc8 1-0

[Event "Liga Madrileña - DH 2011-2012"]
[Site "Madrid ESP"]
[Date "2012.01.22"]
[Round "7.36"]
[White "Lorite Cruz, Francisco"]
[Black "Ramirez Garcia, Jorge Alberto"]
[Result "0-1"]
[WhiteElo "2040"]
[BlackElo "2177"]
[PlyCount "74"]
[EventDate "2011.11.13"]
[EventType "team"]
[EventRounds "14"]
[EventCountry "ESP"]
[Source "lmi"]
[SourceDate "2011.11.13"]
[WhiteTeam "Collado Villalba"]
[BlackTeam "Moratalaz"]
[WhiteTeamCountry "ESP"]
[BlackTeamCountry "ESP"]

1. e4 e6 2. d4 d5 3. Nc3 Nf6 4. Bg5 Bb4 5. e5 h6 6. Bd2 Bxc3 7. bxc3 Ne4 8. Qg4
Kf8 9. Bd3 Nxd2 10. Kxd2 c5 11. Nf3 c4 12. Be2 Bd7 13. h4 Nc6 14. Rh3 b5 15.
Rg3 Rg8 16. a3 a5 17. Qf4 b4 18. Ke1 bxa3 19. Qc1 Rb8 20. Qxa3+ Qe7 21. Qc1 Rb5
22. Rh3 Be8 23. g4 Rh8 24. h5 Rb8 25. Rh1 Qb7 26. Qa3+ Qe7 27. Qc1 Qb7 28. Qa3+
Kg8 29. Kd2 Qb2 30. Qc5 Rb3 31. Rhc1 Rxc3 32. Kd1 Kh7 33. g5 hxg5 34. Nxg5+ Kh6
35. Nxf7+ Bxf7 36. Qxc6 Rh3 37. Ke1 Qc3+ 0-1

[Event "Liga Madrileña - DH 2011-2012"]
[Site "Madrid ESP"]
[Date "2012.01.22"]
[Round "7.41"]
[White "Moreno Trujillo, Alejandro"]
[Black "Arribas Lopez, Angel"]
[Result "1-0"]
[WhiteElo "2474"]
[BlackElo "2487"]
[PlyCount "129"]
[EventDate "2011.11.13"]
[EventType "team"]
[EventRounds "14"]
[EventCountry "ESP"]
[Source "lmi"]
[SourceDate "2011.11.13"]
[WhiteTeam "64 Villalba"]
[BlackTeam "Leganes"]
[WhiteTeamCountry "ESP"]
[BlackTeamCountry "ESP"]

1. d4 e6 2. Nf3 c5 3. c3 Nf6 4. Bf4 b6 5. e3 Bb7 6. h3 cxd4 7. exd4 Be7 8. Bd3
O-O 9. O-O d6 10. Bh2 a6 11. a4 Qc7 12. Re1 Rc8 13. Qe2 Bc6 14. Nbd2 Bf8 15.
Ng5 h6 16. Nge4 Ne8 17. f3 Qb7 18. h4 Nd7 19. Bc2 d5 20. Nf2 Bd6 21. Nd3 Bxh2+
22. Kxh2 b5 23. a5 Qc7+ 24. g3 Nd6 25. Kg2 Nc4 26. b4 Re8 27. Nxc4 dxc4 28. Ne5
Bd5 29. Qf2 Rad8 30. Rad1 Bb7 31. Rd2 Nxe5 32. Rxe5 Rd5 33. Rde2 Red8 34. Qe3
Rxe5 35. Qxe5 Qxe5 36. Rxe5 Rd5 37. Kf2 Bc6 38. Ke3 Rd6 39. Rc5 Kf8 40. Be4
Bxe4 41. fxe4 Ke7 42. e5 Rd7 43. Rc6 Ra7 44. Kf4 Kd7 45. Rb6 Kc7 46. g4 Ra8 47.
h5 Ra7 48. g5 hxg5+ 49. Kxg5 Ra8 50. Kg4 Ra7 51. Kf4 Ra8 52. Kg5 Kd7 53. Rb7+
Ke8 54. h6 gxh6+ 55. Kxh6 Kf8 56. Kh7 Re8 57. Ra7 Re7 58. Ra8+ Re8 59. Rxa6 f5
60. Kg6 Kg8 61. Ra7 Rf8 62. Rg7+ Kh8 63. Rf7 Ra8 64. a6 Rg8+ 65. Kh6 1-0